00353 a2200109 4500001001000000005001700010008004100027245008400068100002100152773005300173999001700226ART_4032120260410161740.0260409a 10aLa indemnización del artículo 3 de la ley 26773 y los accidentes in itinere1 aFormaro, Juan J.0 tDoctrina laboralg- Nº 337 (sep. 2013)wREV4049 c18710d18710